XI Roku 2017 wg. Tygodnika "Piłka Nożna" (spoza Europy) - Statystyki

Ogólne statystyki
  • Ten quiz został rozwiązany 167 razy
  • Średni wynik to 10 z 11
Statystyki odpowiedzi
Pozycja Kraj Klub Zawodnik % Poprawnych
BR Brazylia Benfica / Man City Ederson
97%
PS Argentyna Barcelona Lionel Messi
97%
LS Brazylia Barcelona / PSG Neymar
97%
LO Brazylia Real Madryt Marcelo
95%
ŚPD Brazylia Real Madryt Casemiro
94%
ŚN Urugwaj PSG Edinson Cavani
92%
ŚO Senegal Napoli Kalidou Koulibaly
88%
ŚN Argentyna Juventus Paulo Dybala
82%
PO Brazylia Juventus / PSG Dani Alves
81%
ŚO Brazylia PSG Marquinhos
74%
ŚPD Brazylia Man City Fernandinho
73%
Nie znaleziono quizów pasujących do podanych kryteriów
Rozkład punktacji
Procent ludzi z każdym wynikiem
Percentyl według liczby udzielonych odpowiedzi
Twoja historia wyników
Nie rozwiązałeś tego quizu